Interactive and dynamic graphic for data analysis with R and Ggobi
Պահպանված է:
| Հիմնական հեղինակներ: | , |
|---|---|
| Ձևաչափ: | Գիրք |
| Լեզու: | անգլերեն |
| Հրապարակվել է: |
Nueva York
Springer
2007
|
| Շարք: | Use R
|
| Խորագրեր: | |
| Ցուցիչներ: |
Ավելացրեք ցուցիչ
Չկան պիտակներ, Եղեք առաջինը, ով նշում է այս գրառումը!
|
MARC
| LEADER | 00000nam a2200000 a 4500 | ||
|---|---|---|---|
| 001 | UCH0664 | ||
| 003 | CL-VaPUC | ||
| 008 | 090320e20070000US |||||||||||||||||eng|d | ||
| 020 | |a 9780387717616 | ||
| 082 | 0 | 4 | |a 519.703 |b COO |2 21 |
| 100 | 0 | |a Cook, Dianne |e author |9 534906 | |
| 700 | 0 | |a Swayne, Deborath F |e author |9 534907 | |
| 245 | 1 | 0 | |a Interactive and dynamic graphic for data analysis with R and Ggobi |
| 300 | |a 188 p | ||
| 942 | |c BK | ||
| 945 | |d 20090320 00:00:00 |a rbrito | ||
| 260 | |a Nueva York |b Springer |c 2007 | ||
| 650 | 7 | |a ESTADISTICA GRAFICA |2 CL-VaPUC |9 266601 | |
| 650 | 0 | |a Gráficos |9 351109 | |
| 650 | 0 | |a Análisis de datos |9 269871 | |
| 583 | |a last modification |c 20140403 04:41:59 |k Rodrigo Vera | ||
| 490 | 0 | |a Use R | |
| 999 | |c 332919 |d 332917 | ||
| 952 | |0 0 |1 0 |4 0 |6 519_703000000000000_COO_2007 |7 0 |8 A |9 420979 |a BIBGIM |b BIBGIM |d 2019-11-22 |i 4520734 |o 519.703 COO 2007 |p 4520734 |r 2025-01-15 |w 2019-11-22 |y BK |k EST | ||